Statistics for Guess the country these wines come from

Click here to take the quiz!

General Stats

  • This quiz has been taken 34 times
  • The average score is 6 of 15

Answer Stats

WineCountry% Correct
Xuzhou HanxiangChina
94%
Catena ZapataArgentina
74%
Concha y ToroChile
68%
Chapel DownUK
61%
Neusiedlersee Reserve DACAustria
52%
Single Vineyard Osprey RidgeCanada
42%
Terase DanubieneRomania
42%
Gva'ot "Masada"Israel
39%
Bianco Rovere Bianco di MerlotSwitzerland
32%
Los Cerros de San JuanUruguay
29%
Bacquaert BrutBelgium
23%
Kolios ShiraCyprus
23%
Orbelus "Hrumki"Bulgaria
19%
Shesh i BardheAlbania
10%
RivanerLuxembourg
6%

Score Distribution

Percentile by Number Answered

Percent of People with Each Score

Your Score History

You have not taken this quiz